000 00406nam a2200145 i 4500
001 89539
003 ES-MaACL
007 t|
008 050111s1975 sp ||||1| baq d
100 1 _aLasarte Arribillaga, Manuel.
_970416
245 1 0 _aGordean neuzkanak /
_cManuel Lasarte Arribillaga.
260 _a[S.l. :
_bs.n.],
_c1975.
300 _a343 p. :
_bil. ;
_c22 cm.
852 _aES-MaACL
_jE-9164
_bR.93473
999 _c89539
_d89539